| 000 | 00574nam a2200181 i 4500 | ||
|---|---|---|---|
| 001 | 64998 | ||
| 003 | ES-MaACL | ||
| 005 | 20250507063017.0 | ||
| 007 | t| | ||
| 008 | 040107s1965 sp ||||1| spa d | ||
| 100 | 1 |
_aFraga Iribarne, Manuel, _d1922-2012 _9193721 |
|
| 245 | 1 | 0 |
_aCinco loas / _cManuel Fraga Iribarne ; con ilustraciones de Gregorio Prieto...[et al.]. |
| 260 |
_aMadrid : _bEditora Nacional, _c1965. |
||
| 300 |
_a75 p., 4 lám. ; _c29 cm. |
||
| 700 | 1 |
_aPrieto, Gregorio. _993885 |
|
| 852 |
_aES-MaACL _jC-27518 _bR.56609 |
||
| 999 |
_c64998 _d64998 |
||